000 00984nam0a22002891 4500
001 RU\NLR\INFOCOMM_195\5000050078
005 20250613092852.0
035 _a(NLR Aleph) 009183594
090 _a8586962
_c8586962
100 _a20100318d1990 |||y0rusy50 ca
101 1 _aspa
102 _aRU
_aCU
105 _aa ||||000|y
200 1 _aEl castillo de los embusteros
_eFilm-cuento
_f[Aut.: G. M. Sokolóvski
_gIl.: T. G. Sokolóvskaya
_gTrad.: Elsa Skrypiel]
210 _a[Μ.]
_aLa Habana
_cKinocentr
_cGente nueva
_dˆCop.‰1990
215 _a[19] с.
_cцв. ил.
_d14×21 см
300 _aВ вып. дан.: Замок лгунов
686 _aЩ377.9(2)
_2rubbk
701 1 _9z01790
_aSokolovskij
_bG. M.
_4070
702 1 _9z02790
_aSokolovskaja
_bT. G.
_4440
790 1 _9z01701
_aSokolóvski
_bG. M.
_4070
790 1 _9z02702
_aSokolóvskaya
_bT. G.
_4440
801 1 _aRU
_bNLR
_c20100318
801 0 _aRU
_bNLR
_gPSBO
852 _aNLR
_jИс71 Д-4/137
942 _cBOOK
980 _aNB